000 00822nam a2200265 i 4500
001 10846
003 ES-MaACL
005 20250829104903.0
007 t|
008 951117s1993 sp ||||1| spa d
020 _a84-323-0792-0
080 _a330.15
245 0 0 _aHacia una ciencia de los recursos naturales /
_cpor José Manuel Naredo y Fernando Parra (comps.) ; P. Campos... [etc.].
250 _a[1ª ed.].
260 _aMadrid :
_bSiglo XXI de España,
_c1993.
300 _a335 p. ;
_c21 cm.
490 1 _aEconomía
650 1 7 _aRecursos naturales
_2embne
_916700
700 1 _aNaredo, José Manuel
_984944
700 1 _aParra, Fernando.
_989226
700 1 _aCampos, Pablo.
_934253
830 0 _aEconomía
_9177792
852 _aES-MaACL
_jL-18169
_bR.124572
999 _c10846
_d10846